Statistics for Jurassic World : Camp Cretaceous Dinosaurs

Click here to take the quiz!

General Stats

  • This quiz has been taken 91 times
    (38 since last reset)
  • The average score is 57 of 88

Answer Stats

HintAnswer% Correct
Main antagonist in the movieIndominus rex
88%
Appeared in Yaz's nightmareIndominus rex
88%
Season OneBumpyAnkylosaurus
81%
Season TwoBumper CarAnkylosaurus
81%
Season ThreeBumpsterAnkylosaurus
81%
Season FourBumpy's got a cameo!!!Ankylosaurus
81%
Season FiveOld pal BumpyAnkylosaurus
81%
Hidden AdventureGood old BumpyAnkylosaurus
81%
One of the remaining two got mind-controlledBaryonyx
75%
Chaos, Limbo and GrimBaryonyx
75%
AnimatronicsBaryonyx
75%
Ate the mercenaryBaryonyx
75%
Feeding near Darius' homeBrachiosaurus
75%
Let's help the baby find it's motherBrachiosaurus
75%
Appeared by the watering holeBrachiosaurus
75%
One fell down right before stomping on the gyrosphereBrachiosaurus
75%
They go "Woooooooo"Brachiosaurus
75%
FirecrackerBrachiosaurus
75%
Toro got mind-controlledCarnotaurus
75%
Defeated by Ben and BumpyCarnotaurus
75%
Toro strikes againCarnotaurus
75%
Appeared in Yaz's nightmareCarnotaurus
75%
ToroCarnotaurus
75%
Killed the double-crossing investorCompsognathus
75%
Background dinoCompsognathus
75%
Took the compassCompsognathus
75%
Sneaked on to the boat, later killed by a BradCompsognathus
75%
Throw away the pizzas!Compsognathus
75%
Nasty little pestsCompsognathus
75%
She built a nest in the main street! This is awesome!Tyrannosaurus rex
75%
Appears and kills the main antagonist if the campers choose to go to the Main StreetTyrannosaurus rex
75%
Defeated the aboveTyrannosaurus rex
75%
Not actually in this season, it's in the introTyrannosaurus rex
75%
Now we can communicate with them using a tabletTyrannosaurus rex
75%
Ate Hansel the mercenaryTyrannosaurus rex
75%
Two got mind-controlledVelociraptor
75%
This isn't the Compy pen!!!Velociraptor
75%
Cameo, appeared by the watering holeVelociraptor
75%
Attacked Mae Turner under Kash's orderVelociraptor
75%
A letter important to the plot is in her enclosureVelociraptor
75%
Resides in the old park visitor centreVelociraptor
75%
Took over the Lookout PointDimorphodon
69%
Got mind-controlledDimorphodon
69%
We're in the Jurassic World Lagoon, and so is the...Mosasaurus
69%
Distracted Rexy from the campersMosasaurus
69%
Just here to eat the guyMosasaurus
69%
Destroyed the boatMosasaurus
69%
Why are they out of the caves?Parasaurolophus
69%
Protecting the elderlyParasaurolophus
69%
You guys, should the algae be moving?Parasaurolophus
69%
Is the _______ still behind us? Not anymore!Parasaurolophus
69%
Lets get some DNA sample for Manta CorpSinoceratops
63%
Got poisoned but not deadSinoceratops
63%
Appeared by the watering holeSinoceratops
63%
Seen when the whole camp was on the observation towerStegosaurus
63%
Appeared in the Manta Corp facilityStegosaurus
63%
Appeared near the old Camp Cretaceous siteStegosaurus
63%
Released from the cagesStegosaurus
63%
AnimatronicsCeratosaurus
56%
Appeared in Yaz's nightmare, also appeared in the Manta Corp facilityCeratosaurus
56%
Killed in an ambushCeratosaurus
56%
Still roaming on Mantah Corp IslandCeratosaurus
56%
Attacked the campers in the forestCeratosaurus
56%
Background dinoGallimimus
56%
Darius' dad's favourite dinosaurGallimimus
56%
There's two now?Scorpios rex
56%
Appeared in Yaz's nightmareScorpios rex
56%
Spitting venom everywhereDilophosaurus
50%
Resides in the Swamp BiomeDilophosaurus
50%
Took over the penthouseMonolophosaurus
50%
One was caught and killed by the main antagonistMonolophosaurus
50%
Just appearingPteranodon
50%
Into the cave for kayaking!!!Pteranodon
50%
Place them in the Redwood Forest BiomePteranodon
50%
Attacking anyone as usualPteranodon
50%
Ben's flashbackPteranodon
50%
Created using the DNA sample obtained in season oneSpinoceratops
50%
They're still alive for what's worthSpinoceratops
50%
DefeatedSpinosaurus
50%
Ate the SmilodonSpinosaurus
50%
Dominated the docksOuranosaurus
44%
Also known as the Sabre-toothed TigerSmilodon
44%
First ever appearance in this show despite the fact that they have been known to be living in Jurassic World from the very first movieApatosaurus
31%
PierceKentrosaurus
31%
Only herbivore that has gone up with the Spinosaurus and survivedKentrosaurus
31%
Attacked the campers in the reactor coreNothosaurus
31%
the big bad of the showTarbosaurus
25%
SleepingSinocratops
0%

Score Distribution

Percentile by Number Answered

Percent of People with Each Score

Your Score History

You have not taken this quiz since the last reset